| 000 | 00615nam a22002057a 4500 | ||
|---|---|---|---|
| 005 | 20251108171927.0 | ||
| 008 | 250721s1987 xx 000 0 ara d | ||
| 082 | 1 | 4 | _aط/520/ماي |
| 100 | 1 | _aمايرنغ، لن | |
| 245 | 1 | 0 | _aالشمس و القمر و الكواكب / |
| 264 | 1 |
_aبيروت : _bالمؤسسة العربية للدراسات و النشر، _c1987. |
|
| 300 | _a23ص | ||
| 650 | 1 | 7 | _aالشمس |
| 650 | 1 | 7 | _aالقمر |
| 650 | 1 | 7 | _aالكواكب |
| 700 | 1 | _aسنوون، ستيلا | |
| 700 | 1 |
_aبدر، عبد الرحيم _eترجمة |
|
| 942 |
_2ddc _cBK |
||
| 999 |
_c66124 _d66124 |
||